The collected papers of Raymond D. Mindlin : the Late James Kip Finch Professor Emeritus of Applied Science, Columbia University
Αποθηκεύτηκε σε:
| Κύριος συγγραφέας: | |
|---|---|
| Άλλοι συγγραφείς: | , , |
| Μορφή: | Βιβλίο |
| Γλώσσα: | English |
| Δημοσίευση: |
New York :
Springer-Verlag,
c1989.
|
| Θέματα: | |
| Ετικέτες: |
Προσθήκη ετικέτας
Δεν υπάρχουν, Καταχωρήστε ετικέτα πρώτοι!
|
MARC
| LEADER | 00000cam a2200000 i 4500 | ||
|---|---|---|---|
| 001 | 1/32030 | ||
| 008 | 941103s1989####nyu| ||| |||| ||eng|| | ||
| 020 | |a 0387969330 | ||
| 035 | |a 1993 |c ΧΑΤΖΗΓΕΩΡΓΙΟΥ |l 10038989 | ||
| 040 | |a GR-MyUA |b gre |e AACR2 | ||
| 041 | 0 | |a eng | |
| 082 | 0 | |a 530.016 | |
| 100 | 1 | |a Mindlin, Raymond D. |q (Raymond David), |d 1906-1987. | |
| 245 | 1 | 4 | |a The collected papers of Raymond D. Mindlin : |b the Late James Kip Finch Professor Emeritus of Applied Science, Columbia University / |c H. Deresiewicz, M.P. Bieniek, F.L. DiMaggio, editors. |
| 260 | |a New York : |b Springer-Verlag, |c c1989. | ||
| 300 | |a 2 τ. : |b εικ. ; |c 24 εκ. | ||
| 504 | |a Περιέχει βιβλιογραφικές αναφορές. | ||
| 600 | 1 | 0 | |a Mindlin, Raymond D. |q (Raymond David), |d 1906-1987 |x Bibliography. |
| 650 | 0 | 0 | |a Mechanics, Applied |x Bibliography. |
| 700 | 1 | |a Deresiewicz, H. |e edt | |
| 700 | 1 | |a Bieniek, M. P. |e edt | |
| 700 | 1 | |a DiMaggio, F. L. |e edt | |
| 852 | |a INST |b SAMOS |e 19941103 |h 530.016 MIN |p 005300009707 |q 005300009707 |t BK |y 0 |z v.2 | ||
| 852 | |a INST |b SAMOS |e 19941103 |h 530.016 MIN |p 005300009708 |q 005300009708 |t BK |y 0 |z v.1 | ||
| 852 | |a INST |b SAMOS |e 19941103 |h 530.016 MIN |p 005300009707 |q 005300009707 |t BK |v v.2: |y 0 |z v.2 | ||
| 852 | |a INST |b SAMOS |e 19941103 |h 530.016 MIN |p 005300009708 |q 005300009708 |t BK |v v.1: |y 0 |z v.1 | ||
| 853 | |a INST |b SAMOS |h 530.016 MIN | ||
| 909 | |a Σ |b 025491 | ||
| 909 | |a Σ |b 025490 | ||